01110nam a2200265 a 450000100100000000500170001000800410002702000150006804000250008308200190010810000380012724500530016526000400021830000280025849000190028665000380030565000400034383000260038391000370040904900090044695201320045595201170058795201230070499900170082700003407920200930070745.0110923s2006 dr a 000 f spa d a9993456039 aDO-SdBNPbspacBNPHU aRD863.5bT676l1 aToral, Juan Carlos,d1966-91089213aUn laberinto en el armario /cJuan Carlos Toral. aBogotá, Colombia :bNorma,c2006. a106 p. :bil. ;c19 cm.1 aTorre de papel 4aNovela infantil dominicana933379 4aLiteratura infantil dominicana9441 0aTorre de papel959507 aValidado. Control de calidad EMS aBNPD 001054708DSaGRbGRcHDd2011-09-23iLF1l0oRD863.5 T676lp34079-30r2020-06-25te. 3w2020-06-25yLFDSZPréstamo en sala 0010718PDaPDbPDcHDd2011-09-23iLF1l0oRD863.5 T676lp34079-10r2020-06-25w2020-06-25yLFPDZNo se presta 0010718PDaPDbPDcHDd2011-09-23iLF1l0oRD863.5 T676lp34079-20r2020-06-25te. 2w2020-06-25yLFPDZNo se presta c33570d33570